00702nam a2200181Ia 4500003000900000008004100009040001600050080001600066100002300082245017100105260004300276300001700319650004100336650002600377942000700403999001700410952009300427IN-BaIIA211028s9999 xx 000 0 eng d cIIA Library a726.82bSUN aSundara, A.917523 4aThe early chamber tombs of south Indiaba study of the iron age megalithic monuments of North KarnatakacA. Sundara  aNew DelhibUniversity Publishersc1975 axviii, 248p. aAstronomy and astrophysics thesaurus aEarly chambers917524 cBK c10306d10306 00104070aBANbBANcGENd1992-01-31l0o726.82/ SUNp11216r2021-11-05w1992-01-31yBK